| 000 | 01310cam a2200241 4500 | ||
|---|---|---|---|
| 001 | ABS63157 | ||
| 008 | 000000n2000 000 0 eng u | ||
| 035 | _a(Sirsi) u109513 | ||
| 100 | _aHughes, B | ||
| 245 | _aFinance green paper: striving for fairness | ||
| 260 | _c2000 | ||
| 490 |
_aIRRV Insight _v(35) November 2000, 10(1) |
||
| 520 | _aLocal government minister outlines aims for the green paper, "Modernising local government finance", and highlights the importance of IRRV participation. Explains how the supplementary business rate will work, emphasising the need for local business support. Discusses findings from a review of business rate revaluation: no major changes were identified, but it was found that more consultation between the VOA and ratepayers would be beneficial. Other areas of consultation include the possibility of having a fixed revaluation cycle for council tax with more frequent intervals, and changes to the billing responsibility. The green paper is available at: www.local.detr.gov.uk. | ||
| 590 | _aABS | ||
| 650 | _aIRRV | ||
| 650 | _aREVALUATION | ||
| 650 | _aCOUNCIL TAX | ||
| 650 | _aBUSINESS RATES | ||
| 650 | _aGREEN PAPER | ||
| 650 | _aLOCAL GOVERNMENT FINANCE | ||
| 690 | _aMANAGEMENT-BUSINESS MANAGEMENT-FINANCIAL MANAGEMENT | ||
| 942 | _n0 | ||
| 999 |
_c65383 _d65383 |
||